000
00311nam a2200157Ia 4500
100
_a
Sammer/Eric
650
_a
Hadoop
942
_c
BK
366
_f
25
245
_a
Hadoop operations
260
_b
Oreilly
_c
2012
082
_a
5.133
_b
SAM
300
_a
282
546
_a
ENGLISH
_c
electronics
999
_c
25934
_d
25934